Online Catalogue and eLibrary

Media crossing borders : (Record no. 583)

MARC details
000 -LEADER
fixed length control field 00626cam a2200205 a 4500
001 - CONTROL NUMBER
control field 14028990
005 - DATE AND TIME OF LATEST TRANSACTION
control field 20240319013415.0
008 - FIXED-LENGTH DATA ELEMENTS--GENERAL INFORMATION
fixed length control field 050408s2003 np ab b 100 0 eng
020 ## - INTERNATIONAL STANDARD BOOK NUMBER
ISBN 9993387401
040 ## - CATALOGING SOURCE (பட்டியலாக்க மூலம்)
Original cataloging agency DLC
Transcribing agency DLC
082 ## - DDC Classification
DDC Edition Number 22
Class No. 324.
Item Number - Author Mark MED.
245 10 - TITLE STATEMENT
Title Media crossing borders :
Remainder of title fourth regional workshop, Kathmandu, Aug. 30-Sept. 1, 2003 /
Statement of responsibility, etc. edited by Rita Manchanda.
260 ## - PUBLICATION, DISTRIBUTION, ETC.
Place of publication, distribution, etc. Kathmandu :
Name of publisher, distributor, etc. South Asia Forum for Human Rights,
Date of publication, distribution, etc. 2004.
300 ## - PHYSICAL DESCRIPTION
Extent (e.g. Volumes, Pages etc.) xxxiv, 178 p. :
650 #0 - SUBJECT ADDED ENTRY--TOPICAL TERM
Topical term or geographic name entry element Mass media
650 #0 - SUBJECT ADDED ENTRY--TOPICAL TERM
Topical term or geographic name entry element Social conflict in mass media
650 #0 - SUBJECT ADDED ENTRY--TOPICAL TERM
Topical term or geographic name entry element Boundaries
700 1# - ADDED ENTRY--PERSONAL NAME
Personal name Manchanda, Rita.
Relator term (Role) Editor
942 ## - Koha item type (Biblio)
Koha item type Books in Stacks (Lending)
Holdings
Lost status Damaged status Collection code Home library Current library Date acquired Full call number Accession Number Item type
    Lending WERC Library WERC Library 03/19/2024 324. MED. 6441 Books in Stacks (Lending)

© WERC Library